000 00564nam a22001697a 4500
999 _c57460
_d57460
005 20200624132057.0
008 200624s2019 eng||||| |||| 00| 0 enk d
020 _a9781493992393
041 _aeng
080 _a577 S-62
245 _aSingle Cell Methods :
_bSequencing and Proteomics /
_cEditors: Proserpio, Valentina (Ed.).
264 _aTorino :
_bHumana Press,
_c2019.
300 _a459 p.
_b25 cm.
653 _aმოლეკულური ბიოლოგია
700 _aValentina, Proserpio.
_eრედაქტორი
_98724
942 _2udc
_cBK